Web Services and Formal Methods 10th International Workshop, WS-FM 2013, Beijing, China, August 2013, Revised Selected Papers /

This book constitutes the thoroughly refereed post-workshop proceedings of the 10th International Workshop on Web Services and Formal Methods, WS-FM 2013, held in Beijing, China, in August 2013. The 8 papers presented were carefully reviewed and selected from 19 submissions. They cover aspects such...

Πλήρης περιγραφή

Λεπτομέρειες βιβλιογραφικής εγγραφής
Συγγραφή απο Οργανισμό/Αρχή: SpringerLink (Online service)
Άλλοι συγγραφείς: Tuosto, Emilio (Επιμελητής έκδοσης), Ouyang, Chun (Επιμελητής έκδοσης)
Μορφή: Ηλεκτρονική πηγή Ηλ. βιβλίο
Γλώσσα:English
Έκδοση: Cham : Springer International Publishing : Imprint: Springer, 2014.
Σειρά:Lecture Notes in Computer Science, 8379
Θέματα:
Διαθέσιμο Online:Full Text via HEAL-Link
LEADER 03283nam a22005775i 4500
001 978-3-319-08260-8
003 DE-He213
005 20151030041214.0
007 cr nn 008mamaa
008 140624s2014 gw | s |||| 0|eng d
020 |a 9783319082608  |9 978-3-319-08260-8 
024 7 |a 10.1007/978-3-319-08260-8  |2 doi 
040 |d GrThAP 
050 4 |a QA76.76.A65 
072 7 |a UNH  |2 bicssc 
072 7 |a UDBD  |2 bicssc 
072 7 |a COM032000  |2 bisacsh 
082 0 4 |a 005.7  |2 23 
245 1 0 |a Web Services and Formal Methods  |h [electronic resource] :  |b 10th International Workshop, WS-FM 2013, Beijing, China, August 2013, Revised Selected Papers /  |c edited by Emilio Tuosto, Chun Ouyang. 
264 1 |a Cham :  |b Springer International Publishing :  |b Imprint: Springer,  |c 2014. 
300 |a IX, 189 p. 37 illus.  |b online resource. 
336 |a text  |b txt  |2 rdacontent 
337 |a computer  |b c  |2 rdamedia 
338 |a online resource  |b cr  |2 rdacarrier 
347 |a text file  |b PDF  |2 rda 
490 1 |a Lecture Notes in Computer Science,  |x 0302-9743 ;  |v 8379 
505 0 |a Introducing cloud activities around pacific rim -- Choreography revisited -- On the behaviour of general-purpose applications on cloud storages -- Formalizing RESTful services and web-OS middleware -- Visualization of successor relations in business process models -- Developing and enforcing policies for access control, resource usage, and adaptation: A practical approach -- Safe orchestration of Web services with unordered lossy communication -- Dynamic ontologies and semantic Web rules as biographical reactive systems -- On the expressiveness of parameterization in process-passing -- An operational semantics for model checking long running transactions. 
520 |a This book constitutes the thoroughly refereed post-workshop proceedings of the 10th International Workshop on Web Services and Formal Methods, WS-FM 2013, held in Beijing, China, in August 2013. The 8 papers presented were carefully reviewed and selected from 19 submissions. They cover aspects such as control-flow relations using Petri nets, consistency of cloud stores, model checking, model-drives design, analysis of context-aware systems. 
650 0 |a Computer science. 
650 0 |a Software engineering. 
650 0 |a Programming languages (Electronic computers). 
650 0 |a Computer logic. 
650 0 |a User interfaces (Computer systems). 
650 0 |a Management information systems. 
650 1 4 |a Computer Science. 
650 2 4 |a Information Systems Applications (incl. Internet). 
650 2 4 |a Software Engineering. 
650 2 4 |a Management of Computing and Information Systems. 
650 2 4 |a Logics and Meanings of Programs. 
650 2 4 |a Programming Languages, Compilers, Interpreters. 
650 2 4 |a User Interfaces and Human Computer Interaction. 
700 1 |a Tuosto, Emilio.  |e editor. 
700 1 |a Ouyang, Chun.  |e editor. 
710 2 |a SpringerLink (Online service) 
773 0 |t Springer eBooks 
776 0 8 |i Printed edition:  |z 9783319082592 
830 0 |a Lecture Notes in Computer Science,  |x 0302-9743 ;  |v 8379 
856 4 0 |u http://dx.doi.org/10.1007/978-3-319-08260-8  |z Full Text via HEAL-Link 
912 |a ZDB-2-SCS 
912 |a ZDB-2-LNC 
950 |a Computer Science (Springer-11645)